000 00216nam a22000857a 4500
008 161227b xxu||||| |||| 00| 0 eng d
100 _92174
_aFrank Bros
245 _aJoyful Living -4
260 _aNew Delhi
_bFrank Bros
_c2010
999 _c5063
_d5063